00808 a2200157 45000010006000000050017000060080041000230030015000640400040000790800077001192450032001962640041002283000019002695050334002881000028006223024820260407155614.0260407a1965 arg spa dAR-UNSa-BCEJYS aAR-UNSa-BCEJYSbspacAR-UNSa-BCEJYS a657.633xDetalles técnicos de la auditoría. Comprobaciones internas 10aProcedimientos de auditoria 1aBuenos Aires :bAbeledo Perrotc1965 a187 p.c23 cm. a1. Introducción - 2. Disposiciones legales y concepto técnico de la función del auditor - 3. La contratación de servicios profesionales - 4. Honorarios - 5. Programa de trabajo - 6. Las hojas de trabajo - 7. El dictámen y el informe extenso - 8. Responsabilidad del auditor - 9. Conclusión - 10. Nota bibliográfica.1 aChapman, William Leslie